• 首页
  • 本馆介绍
  • 公告通知
  • 最新文献
  • 馆藏检索
  • 电子资源
  • 读者导购
  • 参考咨询
  • 我的图书馆
  • 登录
  • 详细信息显示
  • 放入我的书架
  • 预约/预借图书
  • 作者相关作品
  • 分类相关作品
  • 丛书相关作品
  • 出版社相关作品

书目信息

  • 表格格式
  • 工作单格式
  • 卡片格式
题名:
情商
    
 
作者: 吉君臣 著
分册:  
出版信息: 北京   文化艺术出版社  2011
页数: 318页
开本: 24cm
丛书名:
单 册:
中图分类: I247.54
科图分类:
主题词: 长篇小说--中国--当代 , 长篇小说
电子资源:
ISBN: 978-7-5039-4747-6
000 01072nam0 2200253 45
001 1256855156
005 20120626164006.89
010    @a978-7-5039-4747-6@dCNY36.00
100    @a20120626d2011 em y0chiy0110 ea
101 0  @achi
102    @aCN@b110000
105    @ay z 000ay
106    @ar
200 1  @a情商@AQing Shang@e最具深度和厚度的房地产商战小说@EZui Ju Shen Du He Hou Du De Fang Di Chan Shang Zhan Xiao Shuo@f吉君臣著@FJi Jun Chen Zhu
210    @a北京@c文化艺术出版社@d2011
215    @a318页@d24cm
330    @a《情商》写的是海南特区商场的一场争夺战。海南诚信实房地产开发总公司董事长、复转军人陈洁诚所精心经营的融娱乐、休闲、度假、高端人群居住于一体的海景城别墅区项目由于金融危机、海南银丰商业银行停止贷款而造成半截子工程……
517 1  @a最具深度和厚度的房地产商战小说@AZui Ju Shen Du He Hou Du De Fang Di Chan Shang Zhan Xiao Shuo
606 0  @a长篇小说@y中国@z当代
606 0  @a长篇小说
690    @aI247.54@v4
701  0 @a吉君臣@AJi Jun Chen@4著
801  0 @aCN@b大连网信软件有限公司图书馆·11@c20120626
905    @b0819679-82@dB821-49@e472@f4
    
    情商:最具深度和厚度的房地产商战小说/吉君臣著.-北京:文化艺术出版社,2011
    318页;24cm
    
    
    ISBN 978-7-5039-4747-6:CNY36.00
    《情商》写的是海南特区商场的一场争夺战。海南诚信实房地产开发总公司董事长、复转军人陈洁诚所精心经营的融娱乐、休闲、度假、高端人群居住于一体的海景城别墅区项目由于金融危机、海南银丰商业银行停止贷款而造成半截子工程……
●
相关链接 在E读中查询图书 在五车中查询图书 在当当中查询图书 在豆瓣中查询图书


正题名:情商     索取号:B821-49/472         预约/预借

序号 登录号 条形码 馆藏地/架位号 状态 备注
1 0819679   208196799   第一样本阅览室/ [索取号:B821-49/472] 在馆    
2 0819680   208196806   第一借阅区/ [索取号:B821-49/472] 在馆    
3 0819681   208196815   第一借阅区/ [索取号:B821-49/472] 在馆    
4 0819682   208196824   第一借阅区/ [索取号:B821-49/472] 在馆    
唐山师范学院图书馆 欢迎您!
大连网信软件有限公司© 版权所有